000 00586nam a2200229Ia 4500
003 OSt
005 20221007111929.0
006 a|||||r|||| 00| 0
007 ta
008 221006b |||||||| |||| 00| 0 eng d
024 _a24,574
037 _cTextual
040 _aLCO
_cLCO
_beng
041 _2eng
_aeng
082 _aZ2,167, P2
245 0 _aRights of Persons With Disabilities
260 _aNew
_bDelhi The Indian Law Institute India
_c2002
300 _a341
650 _aDISABILITY
_9708641
942 _hZ2,167, P2
_cTEXL
999 _c1194137
_d1194137